000 00685nam a2200205 i 4500
001 61302
003 ES-MaACL
005 20250628040747.0
007 t|
008 031111s1982 sp ||||1| spa d
100 1 _aEurípides.
_948332
245 1 0 _aTragedias /
_cEurípides ; texto revisado y traducido por Antonio Tovar.
260 _aMadrid :
_bConsejo Superior de Investigaciones Científicas,
_c1982.
300 _a2 v. ;
_c22 cm.
500 _aTexto bilingüe.
505 8 _aContiene: V.I: Alcestis. Andrómaca. V.II: Las Bacantes. Hécuba
700 1 _aTovar, Antonio,
_d1911-1985
_9111167
852 _aES-MaACL
_jL-2596-97
_bR.103555
999 _c61302
_d61302